|
|
|
|
| LEADER |
00000nam0a2200000 4500 |
| 001 |
327687 |
| 005 |
20231102004002.0 |
| 035 |
|
|
|a (RuTPU)RU\TPU\book\353373
|
| 090 |
|
|
|a 327687
|
| 100 |
|
|
|a 20170202d1980 km y0rusy50 ca
|
| 101 |
0 |
|
|a rus
|
| 102 |
|
|
|a RU
|
| 105 |
|
|
|a a g 001zy
|
| 200 |
1 |
|
|a Уплотнительные устройства опор качения
|e справочник
|f А. Г. Комиссар
|
| 210 |
|
|
|a Москва
|c Машиностроение
|d 1980
|
| 215 |
|
|
|a 192 с.
|c ил.
|
| 225 |
1 |
|
|a Библиотека конструктора
|
| 320 |
|
|
|a Библиогр.: с. 189-190
|
| 606 |
1 |
|
|a Подшипники качения
|x Уплотнение
|2 stltpush
|3 (RuTPU)RU\TPU\subj\49710
|9 68474
|
| 610 |
1 |
|
|a опоры качения
|
| 610 |
1 |
|
|a уплотнительные устройства
|
| 610 |
1 |
|
|a конструкции
|
| 610 |
1 |
|
|a бесконтактные уплотнения
|
| 610 |
1 |
|
|a контактные уплотнения
|
| 610 |
1 |
|
|a стоячные уплотнения
|
| 610 |
1 |
|
|a комбинированные уплотнительные устройства
|
| 610 |
1 |
|
|a проектирование
|
| 610 |
1 |
|
|a методика
|
| 610 |
1 |
|
|a справочники
|
| 675 |
|
|
|a 621.822.6(035)
|v 4
|
| 700 |
|
1 |
|a Комиссар
|b А. Г.
|g Анатолий Гершенович
|
| 801 |
|
1 |
|a RU
|b 63413507
|c 20170202
|
| 801 |
|
2 |
|a RU
|b 63413507
|c 20170203
|g RCR
|
| 942 |
|
|
|c BK
|